000 00391nam a2200145Ia 4500
005 20240821160033.0
008 240821s9999||||xx |||||||||||||| ||und||
082 _a372.210954 YAD
100 _aYadav,Padma
245 0 _aSchool readiness and school success
260 _aDelhi
_bGlobal Books Organisation
_c2013
300 _axi,231p.
650 _aearly childhood education
942 _cBK
999 _c144598
_d144598